The quick & easy way to effective speaking : (Record no. 284787)
[ view plain ]
| 000 -LEADER | |
|---|---|
| fixed length control field | 01375nam a22002657a 4500 |
| 001 - CONTROL NUMBER | |
| control field | HUB045888 |
| 003 - CONTROL NUMBER IDENTIFIER | |
| control field | OCoLC |
| 005 - DATE AND TIME OF LATEST TRANSACTION | |
| control field | 20150616092344.0 |
| 008 - FIXED-LENGTH DATA ELEMENTS--GENERAL INFORMATION | |
| fixed length control field | 150608b xxu||||| |||| 00| 0 eng d |
| 020 ## - INTERNATIONAL STANDARD BOOK NUMBER | |
| International Standard Book Number | 9780671724009 |
| 035 ## - SYSTEM CONTROL NUMBER | |
| System control number | .b65330857 |
| 040 ## - CATALOGING SOURCE | |
| Original cataloging agency | VCQ |
| Transcribing agency | VCQ |
| Modifying agency | OCL |
| -- | SNM |
| -- | OCLCQ |
| -- | BAKER |
| -- | MNY |
| -- | BTCTA |
| -- | YDXCP |
| -- | OSU |
| -- | UtOrBLW |
| 049 ## - LOCAL HOLDINGS (OCLC) | |
| Holding library | OSUU |
| 050 ## - LIBRARY OF CONGRESS CALL NUMBER | |
| Classification number | PN4121. |
| Item number | C215q 1977 |
| 100 1# - MAIN ENTRY--PERSONAL NAME | |
| Personal name | Carnegie, Dale, |
| Dates associated with a name | 1888-1955. |
| 245 14 - TITLE STATEMENT | |
| Title | The quick & easy way to effective speaking : |
| Remainder of title | modern techniques for dynamic communication / |
| Statement of responsibility, etc | Dale Carnegie. |
| 260 ## - PUBLICATION, DISTRIBUTION, ETC. (IMPRINT) | |
| Place of publication, distribution, etc | New York : |
| Name of publisher, distributor, etc | Pocket Books, |
| Date of publication, distribution, etc | 1977. |
| 300 ## - PHYSICAL DESCRIPTION | |
| Extent | 221 p. ; |
| Dimensions | 18 cm. |
| 500 ## - GENERAL NOTE | |
| General note | A revision by Dorothy Carnegie of Public speaking and influencing men in business. |
| 505 0# - FORMATTED CONTENTS NOTE | |
| Formatted contents note | Acquiring the basic skills -- Developing confidence -- Speaking effectively the quick and easy way -- Earning the right to talk -- Vitalizing the talk -- Sharing the talk with the audience -- Making the short talk to get action -- Making the talk to inform -- Making the talk to convince -- Making impromptu talks -- Delivering the talk -- Introducing speakers, presenting and accepting awards -- Organizing the longer talk -- Applying what you have learned. |
| 650 #0 - SUBJECT ADDED ENTRY--TOPICAL TERM | |
| Topical term or geographic name as entry element | Public speaking. |
| 700 1# - ADDED ENTRY--PERSONAL NAME | |
| Personal name | Carnegie, Dorothy, |
| Dates associated with a name | 1912- |
| 740 ## - ADDED ENTRY--UNCONTROLLED RELATED/ANALYTICAL TITLE | |
| Uncontrolled related/analytical title | Quick and easy way to effective speaking. |
| 942 ## - ADDED ENTRY ELEMENTS (KOHA) | |
| Source of classification or shelving scheme | Library of Congress Classification |
| Koha item type | Books |
| Call number suffix | PN4121.C215q 1977 |
| Withdrawn status | Lost status | Source of classification or shelving scheme | Damaged status | Home library | Current library | Shelving location | Date acquired | Source of acquisition | Total Checkouts | Total Renewals | Full call number | Barcode | Date last seen | Date checked out | Price effective from | Koha item type |
|---|---|---|---|---|---|---|---|---|---|---|---|---|---|---|---|---|
| Library of Congress Classification | Luxembourg Library | Luxembourg Library | Teachers Reference Section | 06/08/2015 | Library Fund | 5 | 1 | PN 4121.C215q 1977 | 19967 | 08/28/2018 | 08/28/2018 | 06/08/2015 | Books |